| 000 | 01800nam a2200325 a 4500 | ||
|---|---|---|---|
| 001 | 000004064 | ||
| 005 | 20200929150704.0 | ||
| 008 | 090716s2009 dr abd 001 0 spa d | ||
| 020 | _a9789945427691 | ||
| 040 |
_aDO-SdBNP _bspa _cBNPHU |
||
| 082 |
_a325.21097293 _bE27m |
||
| 245 | 0 | 0 |
_aEfectos de la migración internacional en las comunidades de origen del suroeste de la República Dominicana / _cdirección Gonzalo Ramírez de Haro ; Dolores Brandis, Teresa Cañedo Argüelles, Teba Castaño, Luis Escolano. |
| 260 |
_aSanto Domingo : _bIPGH : _bFundación Carolina, _c2009. |
||
| 300 |
_a258 p. : _bil., gráfcs., mapas ; _c23 cm. |
||
| 500 | _aIncluye datos biográficos de los autores: p. 255-258. | ||
| 504 | _aIncluye referencias bibliográficas y notas al pie de páginas. | ||
| 504 | _aBibliografía : p.237-251. | ||
| 505 | 0 |
_gPresentación / _rBolívar Troncoso -- _tEl Valle de Neiba -- _tEl proceso migratorio hacia España y sus efectos sobre los niveles de pobreza en el Valle de Neiba -- _tOtros efectos en la localidad de Vicente Noble -- _tLos actores de cambio y codesarrollo -- _gConclusiones y propuesta -- _gBibliografía -- _gAutores. |
|
| 590 | _aInventariado, 2018/BT | ||
| 651 | 4 |
_aRepública Dominicana _xMigración E Inmigración _xAspectos Económicos _ySIGLO XX _912121 |
|
| 650 | 4 |
_aMovimiento de capitales _zRepública Dominicana _912122 |
|
| 700 | 1 |
_aRamírez de Haro, Gonzalo, _edir. _912123 |
|
| 700 | 1 |
_aBrandis, Dolores _912124 |
|
| 700 | 1 |
_aCañedo Argüelles, Teresa _912125 |
|
| 700 | 1 |
_aCastaño, Teba _912126 |
|
| 700 | 1 |
_aEscolano, Luis _912127 |
|
| 710 | 2 |
_aInstituto Panamericano de Geografía e Historia _bSección Nacional de República Dominicana _912128 |
|
| 710 | 2 |
_aFundación Carolina (CeCALCI) _912129 |
|
| 910 | _aValidado. Control de calidad. EMS | ||
| 999 |
_c3883 _d3883 |
||